| 000 | 00715 a2200265 4500 | ||
|---|---|---|---|
| 001 | 63546 | ||
| 005 | 20260407155934.0 | ||
| 008 | 260407a1980 arg spa d | ||
| 003 | AR-UNSa-BCEJYS | ||
| 040 |
_aAR-UNSa-BCEJYS _bspa _cAR-UNSa-BCEJYS |
||
| 080 |
_a004.43 _xLenguajes de programación de ordenadores |
||
| 245 | 1 | 0 | _aProgramación BASIC |
| 020 | _a978-968-18-0815-0 | ||
| 264 | 1 |
_aMéxico : _bLimusa _c1980 |
|
| 300 |
_a140 p. _c23 cm. |
||
| 041 | _aspa | ||
| 942 | _cBK | ||
| 590 | _aniveau_biblio:m niveau_hierar:0 | ||
| 100 | 1 | _aForsythe, Alexandra I. | |
| 700 | 1 | _aKeenan, Thomas A. | |
| 700 | 1 | _aOrganick, Elliott I. | |
| 700 | 1 | _aStenberg, Warren | |
| 650 | _aBASIC | ||
| 650 | _a basic | ||
| 999 |
_c8231 _d8231 |
||